Marvel's Eternals - Statistics

General Stats
  • This quiz has been taken 61 times
  • The average score is 8 of 42
Answer Stats
Hint Eternal % Correct
Earth Sersi
88%
Earth Ikaris
81%
Earth Thena
77%
Earth Sprite
75%
Earth Druig
73%
Earth Makkari
73%
Earth Phastos
67%
Earth Ajak
65%
Titan Thanos
63%
Titan Starfox / Eros
62%
Titan Mentor / A'lars
8%
Earth Zuras
6%
Earth Forgotten One
4%
Alternate Dimention Hyperion
4%
Earth Kronos
4%
Earth Domo
2%
Earth Pixie
2%
Uranos Uranos
2%
Earth Aginar
0%
Earth Arlok
0%
Uranos Astron
0%
Earth Cybele
0%
Earth Delphan Brothers
0%
Titan Demeityr
0%
Earth El Vampiro
0%
Earth Interloper
0%
Titan ISAAC
0%
Earth Khoryphos
0%
Earth Kingo Sunen
0%
Alien Kly'bn
0%
Earth Master Elo
0%
Alien Overmind
0%
Uranos Shastra
0%
Earth Sigmar
0%
Titan Sui-San
0%
Uranos Thyrio
0%
Earth Titanis
0%
Alien Ultimus
0%
Earth Uni-Mind
0%
Earth Valkin
0%
Earth Virako
0%
Earth Zarin
0%
No matching quizzes found
Score Distribution
Percent of People with Each Score
Percentile by Number Answered
Your Score History
You have not taken this quiz